| 000 | 00639nam a2200181 a 4500 | ||
|---|---|---|---|
| 001 | BRCA_2347 | ||
| 005 | 20190320203753.0 | ||
| 008 | 091008s2006----ck-a---###---#000-0#spa-# | ||
| 020 | _a9707760524 (Obra completa) | ||
| 050 | 4 |
_aN6550 _b.H57 2006 |
|
| 245 | 1 | 0 |
_aHistoria del arte mexicano _bpanorámica general. |
| 260 |
_aColombia _bEmán _c2006 |
||
| 300 |
_a4 v. _bil. (algunas a color) _c29 cm. _e1 CD-Rom |
||
| 505 | 0 | _aContenido : v.1 Arte precolombino. -- v.2 Arte colonial y arte del siglo XIX. -- v.3 Arte moderno. -- v.4 Arte contemporáneo y popular | |
| 650 | 1 | 4 |
_aArte mexicano _xHistoria _94535 |
| 902 | _aREF | ||
| 942 |
_2lcc _cB |
||
| 999 |
_c2090 _d2090 |
||